Complete the Card - WWE WrestleMania 35 - Statistics

General Stats
  • This quiz has been taken 3,328 times
  • The average score is 29 of 45
Answer Stats
Answer % Correct
Charlotte Flair
97%
Becky Lynch
96%
Brock Lesnar
95%
Seth Rollins
95%
Ronda Rousey
94%
Kofi Kingston
88%
Daniel Bryan
87%
Roman Reigns
80%
Jey Uso
79%
Jimmy Uso
79%
The Miz
79%
Baron Corbin
78%
Triple H
77%
Cesaro
75%
Kurt Angle
75%
Sheamus
75%
Batista
73%
Sasha Banks
73%
Bayley
72%
Finn Balor
72%
Bobby Lashley
69%
Shane McMahon
69%
Randy Orton
67%
Drew McIntyre
66%
AJ Styles
65%
Braun Strowman
65%
Rey Mysterio
58%
Peyton Royce
56%
Billie Kay
55%
Natalya
55%
Nia Jax
55%
Samoa Joe
52%
Tamina
51%
Shinsuke Nakamura
49%
Carmella
45%
Dash Wilder
45%
Scott Dawson
45%
Rusev
44%
Buddy Murphy
43%
Zack Ryder
43%
Ricochet
42%
Beth Phoenix
41%
Curt Hawkins
41%
Aleister Black
39%
Tony Nese
34%
No matching quizzes found
Score Distribution
Percent of People with Each Score
Percentile by Number Answered
Your Score History
You have not taken this quiz